| 000 | 00568nam a2200181 i 4500 | ||
|---|---|---|---|
| 001 | 146265 | ||
| 003 | ES-MaACL | ||
| 005 | 20230906201455.0 | ||
| 007 | t| | ||
| 008 | 070906s1976 sp ||||1| spa d | ||
| 245 | 0 | 0 |
_aTrastornos oculomotores / _cpor Andrew J. Gay, Nancy M. Newman, John L. Keltner ; versión de J.M. Grau Veciana. |
| 250 | _a[1ª ed.]. | ||
| 260 |
_aBarcelona : _bToray, _c[1976] |
||
| 300 |
_aVIII, 174 p. : _bil. ; _c24 cm. |
||
| 700 | 1 |
_aGay, Andrew J. _956098 |
|
| 700 | 1 |
_aGrau Veciana, J. M. _959760 |
|
| 852 |
_aES-MaACL _jA-6052 _bR.95157 |
||
| 999 |
_c146265 _d146265 |
||